000 00325nam a22001457a 4500
008 210604b ||||| |||| 00| 0 eng d
020 _a9780121631048
041 _aeng
080 _22nd
_a004
082 _a004
100 _a28
101 _aSHKI
245 _aDigital Evidence Computer Crime
_cCasey,E
942 _2udc
_cBK
999 _c57955
_d57955